[Event "DEM U10 2019"]
[Site "Willingen GER"]
[Date "2019.06.10"]
[Round "4"]
[White "Sauer, Tim"]
[Black "Besou, Hussain"]
[Result "0-1"]
[Termination "normal"]
[Board "1"]
[WhiteElo "1553"]
[BlackElo "1789"]
[WhiteClock "00:15:21"]
[BlackClock "00:59:48"]
[PlyCount "70"]
[WhiteFideId "16265726"]
[BlackFideId "16269950"]
[EventCountry "GER"]
[EventRounds "11"]
[EventType "swiss"]
[EventDate "2019.06.08"]

1. c4 {[%clk 1:15:58]} 1... e5 {[%clk 1:15:53]} 2. Nc3 {[%clk 1:16:24]} 2...
Nc6 {[%clk 1:16:15]} 3. g3 {[%clk 1:16:48]} 3... g6 {[%clk 1:16:40]} 4. Bg2 {
[%clk 1:17:14]} 4... d6 {[%clk 1:16:56]} 5. e3 {[%clk 1:16:59]} 5... Bg7 {
[%clk 1:17:19]} 6. Nge2 Nh6 7. O-O {[%clk 1:12:21]} 7... Be6 {[%clk 1:17:31]}
8. b3 {[%clk 1:07:18]} 8... Qd7 {[%clk 1:17:33]} 9. d4 {[%clk 0:59:52]} 9...
Bh3 {[%clk 1:17:39]} 10. d5 {[%clk 0:58:25]} 10... Bxg2 {[%clk 1:17:43]} 11.
Kxg2 {[%clk 0:58:45]} 11... Ne7 {[%clk 1:17:58]} 12. Bb2 {[%clk 0:57:01]} 12...
O-O {[%clk 1:18:17]} 13. Ne4 {[%clk 0:43:01]} 13... Ng4 {[%clk 1:14:29]} 14. h3
{[%clk 0:35:48]} 14... Nf6 {[%clk 1:14:52]} 15. Nxf6+ {[%clk 0:34:54]} 15...
Bxf6 {[%clk 1:15:10]} 16. e4 {[%clk 0:34:28]} 16... Bg7 {[%clk 1:15:25]} 17. f4
{[%clk 0:30:18]} 17... f5 {[%clk 1:15:20]} 18. Qc2 {[%clk 0:28:30]} 18... Rae8
{[%clk 1:10:39]} 19. fxe5 {[%clk 0:22:52]} 19... dxe5 {[%clk 1:10:56]} 20. Rae1
{[%clk 0:18:43]} 20... b6 {[%clk 1:07:02]} 21. Bc3 {[%clk 0:14:46]} 21... a5 {
[%clk 1:07:09]} 22. a3 {[%clk 0:14:16]} 22... Nc8 {[%clk 1:07:17]} 23. Bd2 {
[%clk 0:12:59]} 23... Nd6 24. Nc3 {[%clk 0:13:21]} 24... a4 {[%clk 1:05:21]}
25. c5 {[%clk 0:02:40]} 25... bxc5 {[%clk 1:03:41]} 26. Nxa4 {[%clk 0:02:56]}
26... Nxe4 {[%clk 1:02:52]} 27. Nxc5 {[%clk 0:02:56]} 27... Nxc5 { [%clk
1:01:21]} 28. Qxc5 {[%clk 0:03:20]} 28... h6 {[%clk 0:57:46]} 29. Qc4 { [%clk
0:03:23]} 29... Kh7 {[%clk 0:57:15]} 30. Rc1 {[%clk 0:03:25]} 30... g5 { [%clk
0:57:04]} 31. Qc6 {[%clk 0:02:46]} 31... Qf7 {[%clk 0:53:56]} 32. Bb4 { [%clk
0:02:16]} 32... Rg8 {[%clk 0:54:14]} 33. Rfd1 {[%clk 0:01:58]} 33... Qh5 {[%clk
0:48:58]} 34. Re1 {[%clk 0:01:22]} 34... f4 {[%clk 0:44:26]} 35. Qc2+ { [%clk
0:15:21]} 35... Kh8 {[%clk 0:59:48]} 0-1

[Event "DEM U10 2019"]
[Site "Willingen GER"]
[Date "2019.06.10"]
[Round "4"]
[White "Ermitsch, Magnus"]
[Black "Grabs, Peter"]
[Result "0-1"]
[Termination "normal"]
[Board "2"]
[BlackTitle "CM"]
[WhiteElo "1843"]
[BlackElo "1575"]
[WhiteClock "00:13:32"]
[BlackClock "00:04:23"]
[PlyCount "134"]
[WhiteFideId "16234464"]
[BlackFideId "16203887"]
[EventCountry "GER"]
[EventRounds "11"]
[EventType "swiss"]
[EventDate "2019.06.08"]

1. e4 {[%clk 1:14:56]} 1... e6 {[%clk 1:15:57]} 2. d4 {[%clk 1:14:44]} 2... d5
{[%clk 1:16:22]} 3. Nd2 {[%clk 1:13:36]} 3... Nf6 {[%clk 1:16:47]} 4. e5 {
[%clk 1:13:06]} 4... Nfd7 {[%clk 1:17:15]} 5. Bd3 {[%clk 1:12:44]} 5... c5 {
[%clk 1:17:06]} 6. c3 {[%clk 1:12:26]} 6... Nc6 {[%clk 1:17:13]} 7. Ne2 { [%clk
1:11:54]} 7... cxd4 {[%clk 1:17:09]} 8. cxd4 {[%clk 1:09:43]} 8... f6 { [%clk
1:11:17]} 9. exf6 {[%clk 1:08:47]} 9... Nxf6 {[%clk 1:11:12]} 10. O-O { [%clk
1:07:18]} 10... Bd6 {[%clk 1:11:28]} 11. Nf3 {[%clk 1:06:13]} 11... O-O { [%clk
1:11:37]} 12. Bf4 {[%clk 1:05:04]} 12... Bxf4 {[%clk 1:11:09]} 13. Nxf4 { [%clk
1:05:13]} 13... Qd6 {[%clk 1:04:19]} 14. Qc1 {[%clk 1:04:21]} 14... Bd7 { [%clk
1:04:23]} 15. Re1 {[%clk 1:03:00]} 15... Rac8 {[%clk 1:01:40]} 16. Ng5 { [%clk
0:46:42]} 16... Nxd4 {[%clk 0:59:47]} 17. Qe3 {[%clk 0:46:05]} 17... Nf5 {[%clk
0:52:43]} 18. Qe5 {[%clk 0:42:40]} 18... Qxe5 {[%clk 0:45:40]} 19. Rxe5 {[%clk
0:43:09]} 19... Rfe8 {[%clk 0:44:17]} 20. Rae1 {[%clk 0:39:18]} 20... Nd4
{[%clk 0:43:36]} 21. h3 {[%clk 0:32:21]} 21... Nc6 {[%clk 0:41:30]} 22. R5e3
{[%clk 0:23:55]} 22... e5 {[%clk 0:39:53]} 23. Nh5 {[%clk 0:22:04]} 23... e4
{[%clk 0:38:14]} 24. Nxf6+ {[%clk 0:20:01]} 24... gxf6 {[%clk 0:38:12]} 25.
Bxe4 {[%clk 0:18:40]} 25... dxe4 {[%clk 0:35:41]} 26. Nxe4 {[%clk 0:18:58]}
26... Re6 {[%clk 0:32:46]} 27. Rd1 {[%clk 0:17:58]} 27... Be8 {[%clk 0:29:25]}
28. Rd6 {[%clk 0:17:32]} 28... Kf7 {[%clk 0:20:04]} 29. Ng5+ {[%clk 0:17:33]}
29... fxg5 {[%clk 0:19:29]} 30. Rdxe6 {[%clk 0:17:09]} 30... Rd8 { [%clk
0:17:48]} 31. R6e4 {[%clk 0:16:45]} 31... h6 {[%clk 0:12:00]} 32. h4 { [%clk
0:14:59]} 32... Rd1+ {[%clk 0:09:30]} 33. Kh2 {[%clk 0:15:20]} 33... Bd7 {[%clk
0:09:41]} 34. hxg5 {[%clk 0:14:31]} 34... hxg5 {[%clk 0:09:59]} 35. Rg3 {[%clk
0:13:17]} 35... Kg6 {[%clk 0:08:43]} 36. Rge3 {[%clk 0:08:10]} 36... Rd2 {[%clk
0:08:20]} 37. Re2 {[%clk 0:07:56]} 37... Rd1 {[%clk 0:05:53]} 38. f3 { [%clk
0:05:51]} 38... Rd3 {[%clk 0:05:33]} 39. R4e3 {[%clk 0:06:06]} 39... Rd4 {[%clk
0:05:41]} 40. Kg3 {[%clk 0:05:28]} 40... Kf5 {[%clk 0:04:19]} 41. Re4 { [%clk
0:01:02]} 41... Rd3 {[%clk 0:04:03]} 42. Re1 {[%clk 0:00:58]} 42... Rd2 { [%clk
0:04:06]} 43. R4e2 {[%clk 0:00:37]} 43... Rd3 {[%clk 0:04:23]} 44. Rh1 { [%clk
0:13:32]} 44... Kg6 45. Rh8 Kg7 46. Rh1 Kg6 47. Ree1 Nd4 48. Rd1 Nf5+ 49. Kf2
Rxd1 50. Rxd1 Bc6 51. Rd8 a6 52. Rg8+ Kf6 53. Rf8+ Kg6 54. g3 Nd4 55. f4 gxf4
56. Rxf4 Ne6 57. Rb4 Kg5 58. a3 Kf5 59. Rh4 Kg5 60. b4 Kg6 61. Ke3 Kg5 62. Kd3
Bd5 63. Kc3 Kg6 64. a4 Bc6 65. b5 axb5 66. a5 Ng5 67. Kd4 Nf3+ 0-1

[Event "DEM U10 2019"]
[Site "Willingen GER"]
[Date "2019.06.10"]
[Round "4"]
[White "Haubold, Christian Lucas"]
[Black "Helms, Finn"]
[Result "0-1"]
[Termination "normal"]
[Board "3"]
[WhiteElo "1387"]
[BlackElo "1773"]
[WhiteClock "00:02:14"]
[BlackClock "00:13:54"]
[PlyCount "182"]
[WhiteFideId "16259629"]
[BlackFideId "16249143"]
[EventCountry "GER"]
[EventRounds "11"]
[EventType "swiss"]
[EventDate "2019.06.08"]

1. e4 {[%clk 1:15:58]} 1... c6 {[%clk 1:15:56]} 2. d4 {[%clk 1:16:15]} 2... d5
{[%clk 1:16:22]} 3. Nd2 {[%clk 1:15:24]} 3... dxe4 {[%clk 1:16:43]} 4. Nxe4 {
[%clk 1:15:47]} 4... Nf6 {[%clk 1:17:04]} 5. Ng3 {[%clk 1:11:12]} 5... Bg4 {
[%clk 1:16:50]} 6. Be2 {[%clk 1:08:43]} 6... Bxe2 {[%clk 1:15:32]} 7. N1xe2 {
[%clk 1:06:45]} 7... e6 {[%clk 1:14:54]} 8. O-O {[%clk 1:05:01]} 8... h5 {
[%clk 1:13:54]} 9. Qd3 {[%clk 0:57:34]} 9... Bd6 {[%clk 1:10:07]} 10. Bg5 {
[%clk 0:56:19]} 10... Qc7 {[%clk 1:06:45]} 11. h3 {[%clk 0:56:33]} 11... Nbd7 {
[%clk 1:06:26]} 12. c4 {[%clk 0:56:21]} 12... h4 {[%clk 1:05:35]} 13. Ne4 {
[%clk 0:54:11]} 13... Nxe4 {[%clk 1:03:46]} 14. Qxe4 {[%clk 0:54:01]} 14... Nf6
{[%clk 1:03:21]} 15. Qf3 {[%clk 0:48:22]} 15... O-O-O {[%clk 0:54:19]} 16. Rfc1
{[%clk 0:47:25]} 16... Rdg8 {[%clk 0:52:29]} 17. d5 {[%clk 0:43:01]} 17... exd5
{[%clk 0:51:35]} 18. Bxf6 {[%clk 0:42:03]} 18... gxf6 {[%clk 0:51:32]} 19. cxd5
{[%clk 0:42:26]} 19... c5 {[%clk 0:51:32]} 20. b4 {[%clk 0:41:57]} 20... b6 {
[%clk 0:51:17]} 21. a4 {[%clk 0:38:07]} 21... Kb8 {[%clk 0:47:05]} 22. a5 {
[%clk 0:31:28]} 22... Qb7 {[%clk 0:46:06]} 23. bxc5 {[%clk 0:31:21]} 23... Bxc5
{[%clk 0:45:49]} 24. axb6 {[%clk 0:27:40]} 24... Bxb6 {[%clk 0:45:10]} 25. Rab1
{[%clk 0:27:25]} 25... Rg5 {[%clk 0:44:51]} 26. Qf4+ {[%clk 0:27:21]} 26... Ka8
{[%clk 0:45:04]} 27. Qxf6 {[%clk 0:25:32]} 27... Rhg8 {[%clk 0:44:24]} 28. Nf4
{[%clk 0:25:02]} 28... Qd7 {[%clk 0:32:31]} 29. Qc6+ {[%clk 0:24:46]} 29... Qb7
{[%clk 0:32:21]} 30. Qxb7+ {[%clk 0:25:11]} 30... Kxb7 {[%clk 0:32:45]} 31. d6
{[%clk 0:25:23]} 31... Rf5 {[%clk 0:31:29]} 32. Nd3 {[%clk 0:24:26]} 32... Ka6
{[%clk 0:26:27]} 33. Rc2 {[%clk 0:21:47]} 33... Rd8 {[%clk 0:25:30]} 34. Rc6 {
[%clk 0:19:00]} 34... Kb7 {[%clk 0:24:04]} 35. Rc7+ {[%clk 0:19:22]} 35... Ka8
{[%clk 0:24:14]} 36. Rc6 {[%clk 0:19:17]} 36... Rd5 {[%clk 0:23:59]} 37. Nf4
R5xd6 38. Rxd6 {[%clk 0:18:14]} 38... Rxd6 {[%clk 0:24:24]} 39. Kf1 { [%clk
0:18:16]} 39... Kb7 {[%clk 0:24:08]} 40. Rc1 {[%clk 0:17:47]} 40... Rd2 { [%clk
0:24:00]} 41. Ne2 {[%clk 0:17:52]} 41... a5 {[%clk 0:24:06]} 42. Ke1 { [%clk
0:18:09]} 42... Rd5 {[%clk 0:22:21]} 43. Rc4 {[%clk 0:18:14]} 43... Rf5 { [%clk
0:22:33]} 44. f3 {[%clk 0:18:29]} 44... Bd8 {[%clk 0:21:51]} 45. Kd1 { [%clk
0:09:39]} 45... Kb6 {[%clk 0:20:28]} 46. Kc2 {[%clk 0:09:11]} 46... Rg5 { [%clk
0:17:51]} 47. Rg4 {[%clk 0:08:38]} 47... Rc5+ {[%clk 0:17:49]} 48. Kb3 { [%clk
0:08:53]} 48... Rb5+ {[%clk 0:17:16]} 49. Kc2 {[%clk 0:06:47]} 49... Rb4 {[%clk
0:16:40]} 50. Rxb4+ {[%clk 0:05:17]} 50... axb4 {[%clk 0:17:04]} 51. Nd4 {[%clk
0:05:29]} 51... Kc5 {[%clk 0:17:16]} 52. Nf5 {[%clk 0:05:53]} 52... Kd5 {[%clk
0:16:17]} 53. Nh6 {[%clk 0:06:12]} 53... Ke6 {[%clk 0:16:22]} 54. Ng4 { [%clk
0:06:11]} 54... f5 {[%clk 0:16:41]} 55. Ne3 {[%clk 0:06:09]} 55... Ke5 { [%clk
0:16:58]} 56. Kb3 {[%clk 0:04:14]} 56... Be7 {[%clk 0:16:27]} 57. Kc4 { [%clk
0:02:38]} 57... Bg5 {[%clk 0:16:03]} 58. Nd5 {[%clk 0:02:57]} 58... b3 { [%clk
0:16:13]} 59. Nc3 {[%clk 0:01:16]} 59... b2 {[%clk 0:16:05]} 60. Kb3 { [%clk
0:01:39]} 60... Kf4 {[%clk 0:13:56]} 61. Nd5+ {[%clk 0:01:51]} 61... Kg3 {[%clk
0:13:38]} 62. Kxb2 {[%clk 0:02:08]} 62... Kxg2 {[%clk 0:14:01]} 63. f4 { [%clk
0:02:28]} 63... Bxf4 {[%clk 0:13:37]} 64. Nxf4+ {[%clk 0:02:50]} 64... Kg3
{[%clk 0:14:03]} 65. Ng6 {[%clk 0:02:14]} 65... f4 {[%clk 0:13:54]} 66. Nxf4
Kxf4 67. Kc3 Kg3 68. Kd3 Kxh3 69. Ke3 Kg2 70. Kf4 h3 71. Kg4 h2 72. Kf4 h1=Q
73. Kg4 Qh3+ 74. Kf4 Kf2 75. Ke4 Qg3 76. Kd4 Qf3 77. Ke5 Qg4 78. Kd5 Qf4 79.
Kc5 Qe4 80. Kd6 Qf5 81. Ke7 Qg6 82. Kd7 Qf6 83. Kc7 Qe6 84. Kd8 Qf7 85. Kc8 Qe7
86. Kb8 Qd7 87. Ka8 Ke3 88. Kb8 Kd4 89. Ka8 Kc5 90. Kb8 Kb6 91. Ka8 Qa7# 0-1

[Event "DEM U10 2019"]
[Site "Willingen GER"]
[Date "2019.06.10"]
[Round "4"]
[White "Sommer, Justus"]
[Black "Arora, Abhiraaj"]
[Result "1-0"]
[Termination "normal"]
[Board "4"]
[WhiteElo "1684"]
[BlackElo "1454"]
[WhiteClock "00:20:01"]
[BlackClock "00:46:33"]
[PlyCount "175"]
[WhiteFideId "16245008"]
[BlackFideId "25611054"]
[EventCountry "GER"]
[EventRounds "11"]
[EventType "swiss"]
[EventDate "2019.06.08"]

1. e4 {[%clk 1:14:25]} 1... e5 {[%clk 1:15:55]} 2. Nf3 {[%clk 1:14:44]} 2...
Nc6 {[%clk 1:16:22]} 3. Bc4 {[%clk 1:15:04]} 3... Bc5 {[%clk 1:16:44]} 4. c3 {
[%clk 1:15:28]} 4... Nf6 {[%clk 1:17:02]} 5. d3 {[%clk 1:15:53]} 5... d6 {
[%clk 1:17:05]} 6. a4 {[%clk 1:16:13]} 6... a6 {[%clk 1:16:56]} 7. Bb3 { [%clk
1:16:09]} 7... Bg4 {[%clk 1:16:56]} 8. Nbd2 {[%clk 1:15:59]} 8... d5 { [%clk
1:16:02]} 9. exd5 {[%clk 1:15:23]} 9... Nxd5 {[%clk 1:15:16]} 10. Ne4 { [%clk
1:15:25]} 10... Bb6 {[%clk 1:14:29]} 11. O-O {[%clk 1:14:04]} 11... O-O { [%clk
1:13:29]} 12. Re1 {[%clk 1:11:54]} 12... Re8 {[%clk 1:13:24]} 13. Ng3 { [%clk
1:10:18]} 13... Nf4 {[%clk 1:10:50]} 14. d4 {[%clk 1:05:39]} 14... Ng6 { [%clk
1:10:06]} 15. h3 {[%clk 1:04:44]} 15... Bxf3 {[%clk 1:07:52]} 16. Qxf3 { [%clk
1:03:59]} 16... Qd7 {[%clk 1:03:56]} 17. d5 {[%clk 0:57:42]} 17... Na7 { [%clk
0:59:11]} 18. a5 {[%clk 0:53:11]} 18... Bc5 {[%clk 0:59:02]} 19. Ne4 { [%clk
0:53:16]} 19... Be7 {[%clk 0:56:34]} 20. Be3 {[%clk 0:47:08]} 20... Nb5 { [%clk
0:50:22]} 21. c4 {[%clk 0:43:46]} 21... Nd4 {[%clk 0:49:19]} 22. Bxd4 { [%clk
0:44:07]} 22... exd4 {[%clk 0:49:36]} 23. c5 {[%clk 0:38:08]} 23... Nh4 { [%clk
0:45:16]} 24. Qd3 {[%clk 0:34:36]} 24... f5 {[%clk 0:42:54]} 25. d6+ { [%clk
0:33:10]} 25... Kh8 {[%clk 0:42:34]} 26. dxe7 {[%clk 0:32:54]} 26... fxe4
{[%clk 0:42:07]} 27. Rxe4 {[%clk 0:32:38]} 27... Nf5 {[%clk 0:41:50]} 28. Be6 {
[%clk 0:32:46]} 28... Qxe7 {[%clk 0:39:59]} 29. Bxf5 {[%clk 0:32:58]} 29...
Qxc5 {[%clk 0:40:10]} 30. Rxd4 {[%clk 0:31:31]} 30... h6 {[%clk 0:39:16]} 31.
b4 {[%clk 0:27:56]} 31... Qe5 {[%clk 0:38:32]} 32. Rd1 {[%clk 0:25:46]} 32...
b6 {[%clk 0:34:23]} 33. axb6 {[%clk 0:21:41]} 33... cxb6 {[%clk 0:34:43]} 34.
Re4 {[%clk 0:20:35]} 34... Qf6 {[%clk 0:33:48]} 35. Rxe8+ {[%clk 0:20:44]}
35... Rxe8 {[%clk 0:33:26]} 36. Be4 {[%clk 0:15:06]} 36... a5 {[%clk 0:33:03]}
37. bxa5 {[%clk 0:15:08]} 37... bxa5 {[%clk 0:33:27]} 38. Qf3 {[%clk 0:15:19]}
38... Qe5 {[%clk 0:33:16]} 39. Bb1 {[%clk 0:13:36]} 39... a4 {[%clk 0:30:20]}
40. Qf5 {[%clk 0:10:59]} 40... Qxf5 {[%clk 0:30:32]} 41. Bxf5 {[%clk 0:11:18]}
41... a3 {[%clk 0:30:35]} 42. Bg6 {[%clk 0:10:58]} 42... Ra8 {[%clk 0:30:30]}
43. h4 {[%clk 0:10:51]} 43... Kg8 {[%clk 0:29:49]} 44. h5 {[%clk 0:08:18]}
44... a2 {[%clk 0:29:20]} 45. Ra1 {[%clk 0:08:38]} 45... Ra4 {[%clk 0:29:24]}
46. Bc2 {[%clk 0:07:57]} 46... Ra3 {[%clk 0:29:41]} 47. Be4 {[%clk 0:06:03]}
47... Ra5 {[%clk 0:30:05]} 48. Kf1 {[%clk 0:04:47]} 48... Rxh5 {[%clk 0:29:39]}
49. Rxa2 {[%clk 0:04:55]} 49... Rh4 {[%clk 0:29:41]} 50. Bg6 {[%clk 0:04:54]}
50... Kf8 {[%clk 0:29:50]} 51. g3 {[%clk 0:03:50]} 51... Rg4 {[%clk 0:29:28]}
52. Ra6 {[%clk 0:03:25]} 52... Rd4 {[%clk 0:29:13]} 53. Re6 {[%clk 0:03:23]}
53... Rd1+ {[%clk 0:29:32]} 54. Kg2 {[%clk 0:03:45]} 54... Rd8 {[%clk 0:29:56]}
55. g4 {[%clk 0:03:27]} 55... Rb8 {[%clk 0:30:13]} 56. Kg3 {[%clk 0:02:54]}
56... Rb3+ {[%clk 0:30:33]} 57. Re3 {[%clk 0:03:16]} 57... Rb8 {[%clk 0:29:29]}
58. f4 {[%clk 0:03:16]} 58... Rd8 {[%clk 0:29:40]} 59. Re5 {[%clk 0:02:25]}
59... Rb8 {[%clk 0:29:50]} 60. Kf3 {[%clk 0:01:06]} 60... Rb3+ {[%clk 0:29:50]}
61. Ke4 {[%clk 0:15:12]} 61... Rb4+ {[%clk 0:45:13]} 62. Kf5 {[%clk 0:13:51]}
62... Rb8 {[%clk 0:45:15]} 63. Bh5 {[%clk 0:13:47]} 63... Kg8 {[%clk 0:44:32]}
64. Re8+ {[%clk 0:13:41]} 64... Rxe8 {[%clk 0:44:52]} 65. Bxe8 {[%clk 0:14:03]}
65... Kh7 {[%clk 0:43:38]} 66. Bf7 {[%clk 0:13:55]} 66... Kh8 {[%clk 0:42:56]}
67. Kg6 {[%clk 0:14:06]} 67... h5 {[%clk 0:43:21]} 68. Kxh5 {[%clk 0:14:29]}
68... Kh7 {[%clk 0:43:20]} 69. f5 {[%clk 0:14:36]} 69... Kh8 {[%clk 0:43:09]}
70. g5 {[%clk 0:14:56]} 70... Kh7 {[%clk 0:42:52]} 71. f6 {[%clk 0:15:15]}
71... gxf6 {[%clk 0:42:48]} 72. gxf6 {[%clk 0:15:28]} 72... Kh8 {[%clk 0:42:50]
} 73. Bg6 {[%clk 0:15:46]} 73... Kg8 {[%clk 0:42:55]} 74. f7+ {[%clk 0:16:06]}
74... Kg7 {[%clk 0:42:46]} 75. Kg5 {[%clk 0:16:29]} 75... Kf8 {[%clk 0:43:09]}
76. Kh6 {[%clk 0:16:54]} 76... Ke7 {[%clk 0:43:31]} 77. Kg7 {[%clk 0:17:20]}
77... Ke6 {[%clk 0:43:52]} 78. f8=Q {[%clk 0:17:40]} 78... Kd5 {[%clk 0:44:13]}
79. Qc8 {[%clk 0:17:59]} 79... Ke5 {[%clk 0:44:22]} 80. Qd7 {[%clk 0:18:19]}
80... Kf4 {[%clk 0:44:44]} 81. Qf5+ {[%clk 0:18:29]} 81... Ke3 {[%clk 0:45:02]}
82. Qe4+ {[%clk 0:18:53]} 82... Kf2 {[%clk 0:45:52]} 83. Qd3 {[%clk 0:19:39]}
83... Kg2 {[%clk 0:46:13]} 84. Be4+ {[%clk 0:20:01]} 84... Kf2 {[%clk 0:46:33]}
85. Qf3+ Ke1 86. Qg2 Kd1 87. Qf2 Kc1 88. Qc2# 1-0

[Event "DEM U10 2019"]
[Site "Willingen GER"]
[Date "2019.06.10"]
[Round "4"]
[White "Fietz, Nils"]
[Black "Klaska, Philipp Leon"]
[Result "1/2-1/2"]
[Termination "normal"]
[Board "5"]
[WhiteElo "1677"]
[BlackElo "1444"]
[WhiteClock "00:33:43"]
[BlackClock "00:10:20"]
[PlyCount "95"]
[WhiteFideId "16263880"]
[BlackFideId "16238044"]
[EventCountry "GER"]
[EventRounds "11"]
[EventType "swiss"]
[EventDate "2019.06.08"]

1. e4 {[%clk 1:15:58]} 1... d6 {[%clk 1:15:57]} 2. d4 {[%clk 1:16:24]} 2... Nf6
{[%clk 1:16:22]} 3. Nc3 {[%clk 1:16:47]} 3... g6 {[%clk 1:16:48]} 4. Bc4 {
[%clk 1:17:04]} 4... Bg7 {[%clk 1:17:02]} 5. Qe2 {[%clk 1:17:19]} 5... e5 {
[%clk 1:15:49]} 6. dxe5 {[%clk 1:16:46]} 6... dxe5 {[%clk 1:16:00]} 7. Nf3 {
[%clk 1:16:08]} 7... Nbd7 {[%clk 1:14:41]} 8. Be3 {[%clk 1:15:49]} 8... O-O {
[%clk 1:13:12]} 9. O-O {[%clk 1:15:40]} 9... c6 {[%clk 1:12:07]} 10. Rad1 {
[%clk 1:15:12]} 10... Qc7 {[%clk 1:10:42]} 11. Ng5 {[%clk 1:14:00]} 11... h6 {
[%clk 1:08:54]} 12. Nxf7 {[%clk 1:08:19]} 12... Rxf7 {[%clk 1:09:10]} 13. Bxf7+
{[%clk 1:08:17]} 13... Kxf7 {[%clk 1:09:34]} 14. Qc4+ {[%clk 1:08:38]} 14...
Kf8 {[%clk 1:05:04]} 15. Bc5+ {[%clk 1:07:50]} 15... Nxc5 {[%clk 1:04:30]} 16.
Qxc5+ {[%clk 1:06:58]} 16... Qe7 {[%clk 0:55:23]} 17. Rd8+ {[%clk 0:57:41]}
17... Kf7 {[%clk 0:50:42]} 18. Qxe7+ {[%clk 0:56:52]} 18... Kxe7 { [%clk
0:50:26]} 19. Rfd1 {[%clk 0:56:53]} 19... b6 {[%clk 0:47:15]} 20. f3 { [%clk
0:56:17]} 20... Bb7 {[%clk 0:46:29]} 21. Rxa8 {[%clk 0:48:26]} 21... Bxa8
{[%clk 0:46:55]} 22. Kf2 {[%clk 0:48:26]} 22... Bb7 {[%clk 0:45:49]} 23. Ke3 {
[%clk 0:48:23]} 23... Bc8 {[%clk 0:43:37]} 24. b4 {[%clk 0:47:29]} 24... Be6 {
[%clk 0:38:38]} 25. a4 {[%clk 0:47:28]} 25... Ne8 {[%clk 0:35:58]} 26. b5 {
[%clk 0:44:14]} 26... c5 {[%clk 0:33:51]} 27. Nd5+ {[%clk 0:44:16]} 27... Bxd5
{[%clk 0:33:15]} 28. exd5 {[%clk 0:44:20]} 28... Nd6 {[%clk 0:29:48]} 29. Re1 {
[%clk 0:40:05]} 29... Nf5+ {[%clk 0:24:45]} 30. Kd3 {[%clk 0:39:48]} 30... Kd6
{[%clk 0:24:05]} 31. c4 {[%clk 0:39:38]} 31... g5 {[%clk 0:17:43]} 32. Re2 {
[%clk 0:34:57]} 32... Ne7 {[%clk 0:14:46]} 33. Ra2 {[%clk 0:34:39]} 33... Ng6 {
[%clk 0:13:43]} 34. g3 {[%clk 0:34:22]} 34... Bf6 {[%clk 0:13:29]} 35. Ke4 {
[%clk 0:33:47]} 35... Bd8 {[%clk 0:12:26]} 36. Rg2 {[%clk 0:32:27]} 36... Ne7 {
[%clk 0:09:08]} 37. h4 {[%clk 0:31:42]} 37... Ng6 {[%clk 0:07:26]} 38. hxg5 {
[%clk 0:28:37]} 38... Bxg5 {[%clk 0:06:27]} 39. Rf2 {[%clk 0:28:19]} 39... Ke7
{[%clk 0:02:01]} 40. f4 {[%clk 0:28:17]} 40... Bf6 {[%clk 0:00:53]} 41. Kf5 {
[%clk 0:25:57]} 41... Kf7 {[%clk 0:00:48]} 42. d6 {[%clk 0:25:41]} 42... exf4 {
[%clk 0:15:12]} 43. gxf4 {[%clk 0:41:29]} 43... Bd4 {[%clk 0:15:03]} 44. d7 {
[%clk 0:40:22]} 44... Bf6 {[%clk 0:13:29]} 45. Re2 {[%clk 0:39:00]} 45... Nf8 {
[%clk 0:13:01]} 46. Rd2 {[%clk 0:38:13]} 46... Bd8 {[%clk 0:12:51]} 47. Rd6 {
[%clk 0:34:27]} 47... h5 {[%clk 0:10:20]} 48. Rd3 {[%clk 0:33:43]} 1/2-1/2

[Event "DEM U10 2019"]
[Site "Willingen GER"]
[Date "2019.06.10"]
[Round "4"]
[White "Malinowsky, Levi"]
[Black "Dordevic, Tom"]
[Result "1/2-1/2"]
[Termination "normal"]
[Board "6"]
[WhiteElo "1400"]
[BlackElo "1158"]
[WhiteClock "00:34:07"]
[BlackClock "00:12:13"]
[PlyCount "53"]
[WhiteFideId "16253094"]
[BlackFideId "16260503"]
[EventCountry "GER"]
[EventRounds "11"]
[EventType "swiss"]
[EventDate "2019.06.08"]

1. e4 {[%clk 1:15:53]} 1... c5 {[%clk 1:15:49]} 2. Nf3 {[%clk 1:15:56]} 2... e6
{[%clk 1:16:04]} 3. d4 {[%clk 1:16:18]} 3... cxd4 {[%clk 1:16:28]} 4. Nxd4 {
[%clk 1:16:35]} 4... a6 {[%clk 1:16:45]} 5. Nc3 {[%clk 1:16:13]} 5... Qc7 {
[%clk 1:16:28]} 6. Bd3 {[%clk 1:15:17]} 6... Nc6 {[%clk 1:16:06]} 7. Nb3 {
[%clk 1:14:41]} 7... Nf6 {[%clk 1:14:42]} 8. O-O {[%clk 1:13:03]} 8... Be7 {
[%clk 1:13:25]} 9. f4 {[%clk 1:11:32]} 9... d6 {[%clk 1:12:22]} 10. Be3 { [%clk
1:10:23]} 10... b5 {[%clk 1:10:14]} 11. a3 {[%clk 1:08:53]} 11... Bb7 { [%clk
1:05:36]} 12. Qf3 {[%clk 1:07:36]} 12... Rd8 {[%clk 0:59:27]} 13. Ne2 { [%clk
0:57:22]} 13... d5 {[%clk 0:38:29]} 14. e5 {[%clk 0:56:14]} 14... Ne4 { [%clk
0:36:42]} 15. Ned4 {[%clk 0:50:57]} 15... Nc5 {[%clk 0:27:24]} 16. Nxc5 { [%clk
0:49:37]} 16... Bxc5 {[%clk 0:27:46]} 17. c3 {[%clk 0:48:13]} 17... Qb6 { [%clk
0:26:48]} 18. Qf2 {[%clk 0:47:34]} 18... Nxd4 {[%clk 0:26:19]} 19. Bxd4 { [%clk
0:47:10]} 19... Rc8 {[%clk 0:25:56]} 20. Rac1 {[%clk 0:44:06]} 20... O-O {[%clk
0:19:21]} 21. b4 {[%clk 0:43:34]} 21... Bxd4 {[%clk 0:19:42]} 22. cxd4 { [%clk
0:43:17]} 22... a5 {[%clk 0:17:40]} 23. Qb2 {[%clk 0:41:29]} 23... axb4 { [%clk
0:14:09]} 24. axb4 {[%clk 0:41:04]} 24... Ra8 {[%clk 0:14:02]} 25. Rc5 { [%clk
0:39:36]} 25... Bc6 {[%clk 0:12:41]} 26. Rfc1 {[%clk 0:38:30]} 26... Bd7 {[%clk
0:12:13]} 27. Ra1 {[%clk 0:34:07]} 1/2-1/2